Kepemimpinan Birokrasi (Record no. 13137)

000 -LEADER
fixed length control field 00390nam a2200145Ia 4500
020 ## - INTERNATIONAL STANDARD BOOK NUMBER
ISBN 978-979-8433-79-5
084 ## - OTHER CLASSIFICATION OF CALL NUMBER
Call Number (Nomor Katalog) 10352 PAS Gov Bo.1
100 ## - MAIN ENTRY--AUTHOR NAME
Personal name (Pengarang) Harbani Pasolong
245 #0 - TITLE STATEMENT
Sub Title (Anak Judul) Kepemimpinan Birokrasi
260 ## - PUBLICATION, DISTRIBUTION, ETC. (IMPRINT)
Place of publication (Tempat Terbit/Kota) Bandung
Name of publisher (Nama Penerbit) Alfabeta
300 ## - PHYSICAL DESCRIPTION
Number of Pages (Jumlah Halaman) 234 halaman
650 ## - SUBJECT ADDED ENTRY--TOPICAL TERM
Topical Term (Topik 1) Government (Pemerintahan)
Relator term (Topik 2) G-O-V
Chronological subdivision (Topik 5) Birokrasi
942 ## - ADDED ENTRY ELEMENTS (KOHA)
Koha item type Books (Buku)
Holdings
Withdrawn status Lost status Damaged status Not for loan Permanent Location (Lokasi Permanen) Current Location (Lokasi Sekarang) Shelving location (Lokasi Rak) Date acquired Cost, normal purchase price (Harga Buku) Full call number (Nomor Katalog) Barcode Price effective from Koha item type (Jenis Koleksi)
        PIN Library PIN Library Bookshelf 03/26/2022 10.00 10352 PAS Gov Bo.1 1035201 03/26/2022 Books (Buku)